| 000 | 00433nam a22001577a 4500 | ||
|---|---|---|---|
| 003 | MPLRDC | ||
| 005 | 20220104124118.0 | ||
| 008 | 210129b ||||| |||| 00| 0 eng d | ||
| 082 | _a584.112 XHQ-3 | ||
| 100 | _a雪兰莪中华大会堂民权委员会暨青年团 | ||
| 245 |
_a透视大马人权 _c |
||
| 260 |
_a _b雪兰莪中华大会堂 _c1991 |
||
| 300 | _b平 | ||
| 650 | _a民法总则--人权 | ||
| 942 |
_cBK _o584.112 XHQ-3 |
||
| 999 |
_c16736 _d16726 |
||